| 000 | 00669nam a22002177a 4500 | ||
|---|---|---|---|
| 005 | 20170124110048.0 | ||
| 010 | _aA-573483 | ||
| 020 |
_c00.00 _a8185674043 |
||
| 035 | _aA-573483 | ||
| 037 | _bCen Lib/Ret | ||
| 040 |
_aDPL _bEN |
||
| 082 |
_a791.437092 _bSAR |
||
| 100 |
_aSarkar, Bidyut _924828 |
||
| 245 |
_aThe world of Satyajit Ray / _cby Bidyut Sarkar |
||
| 260 |
_aNew Delhi _bUBS Publishers Distributors Ltd. _c1992 |
||
| 270 |
_a5, Ansari Road _bNew Delhi _e110002 |
||
| 300 |
_aiii,134p. : _c23cm(Hb) _bill. |
||
| 650 |
_aMotion picture producers and directors _924829 |
||
| 650 |
_aIndia _924830 |
||
| 942 |
_2ddc _cEN _h791.437092 _mSAR |
||
| 999 |
_c128919 _d128919 |
||